Deviner les jeux vidéos à partir d'une image faite par une IA - Statistiques

Statistiques générales
  • Ce quiz a été pris 1 137 fois
  • Le résultat moyen est 13 sur 16
Statistiques - réponses
Par images Réponse % Correct
Mario Bros
99%
Zelda
99%
Minecraft
98%
Pokemon
97%
Candy Crush
96%
Fortnite
95%
Tetris
95%
Animal Crossing
92%
Fall Guys
86%
Last of Us
80%
God of War
77%
Flappy Bird
69%
Rayman
65%
Subway Surfers
62%
Terraria
38%
Stardew Valley
37%
Aucun quiz correspondant
Distribution des résultats
% des personnes avec chaque résultat
Percentile par nombre de réponses
Votre historique - résultats
Vous n’avez pas pris ce quiz